00711nam a2200229 a 4500001001300000003000900013005001700022008004100039020001000080082001300090100002300103245007900126260004900205300000900254500003500263505001000298650002500308902000800333942000700341952011600348999001700464nice12345678IN_TiNIC20260116015216.0050524s2002 swia grp 000 0 eng  ac10000a291bLUD aLudwig, M Theodore aExplorations of Love and Wisdomb Christians and Buddhists in Conversation aSwitzerlandbLutheran World Federationc2002 a226p aincludes index and biblioraphy2 aIndex aComparative Religion bSRS cBK 001040708StackRoom-aHMIbHMId2007-07-20g100.00l0o291 LUDp11001306r2007-07-20v100.00w2005-05-24yBK c18772d18772